Real or Fake? Sols RNG Limited Auras - Sudden Death - Statistics

General Stats
  • This quiz has been taken 50 times
  • The average score is 4 of 37
Answers on the Grid
Answers color-coded by a green-red scale on the quiz's grid according to % correct below.
Snowball
Celestial : Love
Express
Frigid
Hell Egg
Sandbasket
Ink : PaintballGun
Bioluminescent
Collapse
A fool's world
Equinox
Celestial : Wicked
Sinister
Clover
Accursed
Bloodgarden
Graveborn
North Pole
Evening Night
Parol
Doombringer
Overwatch
Skyforge
Dreadsea
Gift Basket
Christmastide
Symphony : Bloomed
Imperial
Flora : Grasslands
Easter Islands
Burger
Workshop : Server
Carousel
Zilch
Prawler
Assist
Megaphone
Sirius : Forgotten
Astral : Astrald
Clockwork
Knowledge
Impeached : Corrupt
Juxtaposition
Aether : Sadness
Rabbit Invasion
Surfer : Symphony
Bleeding : Attacked
Revive
Dream Traveler
Encase
Forbidden : Barrier
Lost Soul : Wander
Thaneborne
Subsuming
Well Played
Grief
Overcome
Apocalypse
Surfer : Seaside
Inkling
Slaughter
Solar : Blazing Sun
Lament
Afterparty
Wraith Light
 
Answer Stats
Answer % Correct
Snowball
89%
Frigid
47%
Express
42%
Bioluminescent
32%
Ink : PaintballGun
32%
Sandbasket
21%
Celestial : Wicked
16%
Bloodgarden
11%
Accursed
5%
Afterparty
5%
Apocalypse
5%
Astral : Astrald
5%
Burger
5%
Carousel
5%
Christmastide
5%
Clockwork
5%
Dreadsea
5%
Dream Traveler
5%
Encase
5%
Graveborn
5%
Grief
5%
Lament
5%
Lost Soul : Wander
5%
Megaphone
5%
North Pole
5%
Parol
5%
Rabbit Invasion
5%
Revive
5%
Sinister
5%
Skyforge
5%
Slaughter
5%
Surfer : Symphony
5%
Symphony : Bloomed
5%
Thaneborne
5%
Wraith Light
5%
Zilch
5%
Prawler
0%
No matching quizzes found
Score Distribution
Percent of People with Each Score
Percentile by Number Answered
Your Score History
You have not taken this quiz